000 00451nam a2200181Ia 4500
001 20498
005 20260306172810.0
008 260306t2006||||xx |||||||||||||| ||spa||
041 _aESP
082 _a343.3321
_bC73
100 _aCumbre Judicial Iberoamericana
_eAUT
245 0 _aCódigo iberoamericano de ética judicial
260 _c2006
300 _a45 páginas :
_c24 cm.
650 _aGEN
654 _aCDE
942 _cLIB
_dJUS
_fJUS
_2ddc
_n
999 _c20498
_d20498